[Event "BL2-W9596"]
[Site "Germany"]
[Date "1996.??.??"]
[Round "?"]
[White "Roeder, Mathias"]
[Black "Kalka, Arkadius Georg"]
[Result "1/2-1/2"]
[WhiteElo "2445"]
[BlackElo "2330"]

1.d4 Nf6 2.c4 g6 3.Nc3 Bg7 4.e4 O-O 5.Nf3 d6 6.Be2 e5 7.dxe5 dxe5 8.Qxd8 Rxd8
9.Nd5 Nxd5 10.cxd5 c6 11.Bc4 cxd5 12.Bxd5 Nc6 13.Bg5 Re8 14.O-O-O Nd4 15.Nxd4 exd4
16.Kb1 Be6 17.Bxb7 Rab8 18.Ba6 f5 19.e5 Bxe5 20.Bd3 Bd5 21.f3 Re6 22.Rde1 Rc8
23.Re2 Kf7 24.Rhe1 Bd6 25.Rxe6 Bxe6 26.Bd2 h6 27.b3 g5 28.h3 Kf6 29.Rc1 Rxc1+
30.Kxc1 Bd5 31.Kc2 h5 32.Be2 g4 33.Kd3 Be5 34.Bc1 Bb7 35.Kc2 f4 36.Bd2 Kg5
37.Be1 Bc8 38.hxg4 hxg4 39.fxg4 Bb7 40.Bf3 Ba6 41.Bf2 Bf1 42.b4 Bc4 43.a4 Kf6
44.Bh4+ Ke6 45.Be4 Bd6 46.Be1 Ke5 47.Bf3 Bf7 48.Kd3 Be8 49.Kc4 a6 50.b5 axb5+
51.axb5 Bf7+ 52.Kd3 Bg6+ 53.Kc4 Bf7+ 54.Kd3 Bg6+ 55.Kc4  1/2-1/2

[Event "Oberliga Nord O9697"]
[Site "Germany"]
[Date "1996.??.??"]
[Round "?"]
[White "Baumbach, Friedrich"]
[Black "Abraham, Ingo"]
[Result "1-0"]
[WhiteElo "2320"]
[BlackElo "2150"]

1.d4 Nf6 2.c4 g6 3.Nc3 Bg7 4.e4 d6 5.Nf3 O-O 6.Be2 e5 7.O-O Nbd7 8.Re1 Re8
9.Bf1 a5 10.Rb1 exd4 11.Nxd4 Nc5 12.f3 c6 13.Be3 Nh5 14.Qd2 Qe7 15.Rbd1 Bd7
16.Nde2 Be6 17.Qxd6 Qxd6 18.Rxd6 Na6 19.Nf4 Nxf4 20.Bxf4 Nc5 21.e5 Bf5 22.g4 Bc8
23.Bg3 Be6 24.h3 h5 25.Ne4 Nxe4 26.Rxe4 hxg4 27.hxg4 Bf8 28.Rd3 Rad8 29.Bh4 Rxd3
30.Bxd3 c5 31.Bc2 Bd7 32.Kf2 Be7 33.Bf6 Bc6 34.Re2 g5 35.Rd2 Kf8 36.Bf5 Rb8
37.Ke3 Ke8 38.Rh2 Bxf6 39.exf6 Kd8 40.Rh8+ Be8 41.Rg8 b5 42.cxb5 Rxb5 43.Be6 Rb7
44.Bd5  1-0

[Event "BL2-N9596"]
[Site "Germany"]
[Date "1996.??.??"]
[Round "?"]
[White "Giemsa, Stephan"]
[Black "Kapischka, Jens"]
[Result "1/2-1/2"]
[WhiteElo "2310"]
[BlackElo "2310"]

1.Nf3 d6 2.d4 Nf6 3.c4 g6 4.Nc3 Bg7 5.e4 O-O 6.Be2 e5 7.O-O Nbd7 8.Qc2 c6
9.d5 c5 10.a3 Ne8 11.b4 b6 12.Bd2 h6 13.Bd3 Nb8 14.bxc5 bxc5 15.g3 Bh3 16.Rfc1 f5
17.Nh4 Qf6 18.exf5 gxf5 19.Rab1 e4 20.Be2 Nd7 21.Ng2 Ne5 22.Nf4 Bg4 23.Bxg4 Nxg4
24.Rb7 Rf7 25.Rcb1 Rxb7 26.Rxb7 Qd4 27.Nd1 Ne5 28.Bc3 Qxc4 29.Kg2 Nf3 30.Qb2 Ne1+
31.Kg1 Nf3+ 32.Kg2 Ne1+  1/2-1/2

[Event "Oberliga Ost C9596"]
[Site "Germany"]
[Date "1996.??.??"]
[Round "?"]
[White "Fiedler, Torsten"]
[Black "Stimpel, Franz"]
[Result "1/2-1/2"]
[WhiteElo "2290"]
[BlackElo "2255"]

1.d4 Nf6 2.c4 d6 3.Nc3 Nbd7 4.e4 e5 5.Nf3 g6 6.Be2 Bg7 7.O-O O-O 8.Qc2 c6
9.Rd1 Qe7 10.Be3 Ng4 11.Bg5 f6 12.Bh4 Nh6 13.c5 dxc5 14.dxe5 g5 15.exf6 Bxf6
16.Bg3 Ne5 17.Nxe5 Bxe5 18.Bxe5 Qxe5 19.Qd2 Bg4 20.f3 Be6 21.Qd6 Nf7 22.Qxe5 Nxe5
23.Rd6 Kf7  1/2-1/2

[Event "BL9596 (Women)"]
[Site "Germany"]
[Date "1996.??.??"]
[Round "?"]
[White "Lewandowska, Katarzyna"]
[Black "Ulms, Sandra"]
[Result "1/2-1/2"]
[WhiteElo "2035"]
[BlackElo "2070"]

1.d4 Nf6 2.Nf3 g6 3.c4 Bg7 4.Nc3 d6 5.e4 O-O 6.Be2 e5 7.dxe5 dxe5 8.Qxd8 Rxd8
9.Bg5 Re8 10.Nd5 Nxd5 11.cxd5 h6 12.Be3 Bg4 13.Nd2 Bxe2 14.Kxe2 c6 15.dxc6 Nxc6
16.Rhc1 Rad8 17.Rc4 Rd6 18.Rac1 Red8 19.b4 Bf8 20.Nb3 a6 21.Bb6 R8d7 22.a3 Re6
23.Be3 Bg7 24.R4c2 f5 25.f3 Kf7 26.Rd2 Rxd2+ 27.Kxd2 Rd6+ 28.Ke2 Rd7 29.Rd1 Nb8
30.Rxd7+ Nxd7 31.Kd3 b5 32.Nd2 h5 33.Nb1 Ke6 34.Nc3 Nf6 35.Bg5 Nh7 36.Bd8 Kd7
37.Bb6 Nf6 38.Be3 Kc6 39.Bg5 Ne8 40.Nd5 Nd6 41.Be7 Bh6 42.Bd8 Kd7 43.Bf6 Nc4
44.Kc3 Bf8 45.a4 Bd6 46.axb5 axb5 47.Bg5 Ke6  1/2-1/2

[Event "BL2-N9596"]
[Site "Germany"]
[Date "1996.??.??"]
[Round "?"]
[White "Rogozenko, Dorin"]
[Black "Heinig, Wolfram"]
[Result "1-0"]
[WhiteElo "2440"]
[BlackElo "2325"]

1.d4 Nf6 2.c4 d6 3.Nc3 Nbd7 4.e4 e5 5.Nf3 g6 6.Be2 Bg7 7.O-O O-O 8.Qc2 c6
9.Rd1 Qe7 10.d5 c5 11.g3 Ne8 12.Nh4 Kh8 13.a3 Ndf6 14.Bg5 Qd7 15.b4 b6 16.bxc5 bxc5
17.Re1 Ng8 18.Bd2 Bh6 19.f4 exf4 20.gxf4 Qh3 21.Ng2 f5 22.Qd3 fxe4 23.Nxe4 Qxd3
24.Bxd3 Bf5 25.Rab1 Bg7 26.Nh4 Bd4+ 27.Kg2 Bxe4+ 28.Rxe4 Ng7 29.Nf3 Bf6 30.Ree1 Ne7
31.Rb7 Nef5 32.Ng5 Rab8 33.Reb1 Rxb7 34.Rxb7 h6 35.Bxf5 Nxf5 36.Nh7 Re8 37.Nxf6 Re2+
38.Kf1  1-0

[Event "NRW-Liga I 9596"]
[Site "Germany"]
[Date "1996.??.??"]
[Round "?"]
[White "Wisskirchen, Andreas"]
[Black "Ottens, Stephan"]
[Result "1/2-1/2"]
[WhiteElo "2290"]
[BlackElo "2270"]

1.d4 Nf6 2.c4 g6 3.Nc3 Bg7 4.e4 d6 5.Nf3 O-O 6.Be2 e5 7.dxe5 dxe5 8.Qxd8 Rxd8
9.Bg5 Nbd7 10.O-O-O Rf8 11.Nd5 c6 12.Ne7+ Kh8 13.Nxc8 Raxc8 14.Be3 Rc7 15.Nd2 Re8
16.f3 Bf8 17.Nb3 b6 18.Rd2 Nc5 19.Bd1 Nfd7 20.Na1 Ne6 21.a3 a5 22.Nc2 Ndc5
23.Kb1 Nb3 24.Rd3 Nec5 25.Bxc5 Nxc5 26.Rd2 Bh6 27.Rd6 Bf8 28.Rd2 Bh6 29.Rd6 Bf8  1/2-1/2

[Event "BL2-S9596"]
[Site "Germany"]
[Date "1996.??.??"]
[Round "?"]
[White "Meissner, B."]
[Black "Kratochwil, Christian"]
[Result "1-0"]
[WhiteElo "2275"]
[BlackElo "2340"]

1.d4 d6 2.c4 e5 3.Nf3 Nd7 4.Nc3 g6 5.e4 Bg7 6.Be2 Ngf6 7.O-O O-O 8.Re1 c6
9.Bf1 exd4 10.Nxd4 Ng4 11.Qxg4 Bxd4 12.Qd1 Qf6 13.Be3 Bxe3 14.Rxe3 Ne5 15.Qd2 Be6
16.b3 h5 17.Be2 Rad8 18.Rf1 Qf4 19.g3 Qf6 20.f4 Ng4 21.Bxg4 Bxg4 22.Rd3 h4
23.gxh4 Qxh4 24.f5 Kh7 25.Rg3 Rg8 26.fxg6+ Rxg6 27.Rxf7+ Kg8 28.Rf4 Rd7 29.Nd1 Qh5
30.Ne3 Bh3 31.Nf5 Rxg3+ 32.hxg3 Qg6 33.Qf2 Rh7 34.Nh4 Qg7 35.Nf5 Bxf5 36.exf5 Qa1+
37.Qf1 Qxa2 38.Rf2 Qxb3 39.f6 Kf8 40.Kg2 Qb4 41.Qd3 Rh6 42.Qe3 Rh7 43.Qe4 Rf7
44.Re2  1-0

[Event "BL2-W9596"]
[Site "Germany"]
[Date "1996.??.??"]
[Round "?"]
[White "Grimm, Sascha"]
[Black "Werner, Dimo"]
[Result "1-0"]
[WhiteElo "2320"]
[BlackElo "2390"]

1.Nf3 Nf6 2.c4 g6 3.Nc3 Bg7 4.d4 O-O 5.e4 d6 6.Be2 Nbd7 7.O-O e5 8.Re1 c6
9.Bf1 h6 10.Rb1 a5 11.b3 Nh7 12.dxe5 dxe5 13.Ba3 Re8 14.Qd2 Nhf8 15.Na4 Ne6
16.Rbd1 Qf6 17.c5 g5 18.Qc1 g4 19.Nd2 Nd4 20.Nc4 Bf8 21.Bb2 Nxc5 22.Nxe5 Nce6
23.Rxd4 Nxd4 24.Bxd4 Rxe5 25.Nb6 Rb8 26.Nc4 Bd6 27.Nxd6 Qxd6 28.Bxe5 Qxe5
29.Qxh6 Be6 30.Qe3 Rd8 31.f4 gxf3 32.gxf3 Qd4 33.Kf2 a4 34.Bc4 axb3 35.Bxe6 fxe6
36.Qxd4 Rxd4 37.axb3 Rd2+ 38.Re2 Rd1 39.f4 Kf7 40.Re3 Rb1 41.Kf3 c5 42.Rc3 b6
43.h4 Rf1+ 44.Kg4 Re1 45.e5 Kg6 46.h5+ Kh6 47.Rd3 Rg1+ 48.Kf3 Rf1+ 49.Ke3 Kxh5
50.Rd6 Kg4 51.Rxe6 Rf3+ 52.Kd2 Rxf4 53.Rxb6 Kf5 54.e6 Kf6 55.Kc3 Rg4 56.Rc6 Rh4
57.Rxc5 Kxe6 58.Rc4 Rh3+ 59.Kb4 Kd6 60.Ka4 Kd5 61.Rc8 Kd6 62.b4 Kd7 63.Rc4 Rh8
64.Ka5 Ra8+ 65.Kb6 Rb8+ 66.Ka7 Rb5 67.Ka6 Rd5 68.b5 Rd1 69.b6 Ra1+ 70.Kb7 Rd1
71.Kb8 Rb1 72.b7 Rb2 73.Rc1 Rh2 74.Ra1  1-0

[Event "BL2-S9596"]
[Site "Germany"]
[Date "1996.??.??"]
[Round "?"]
[White "Kekelidze, Mikheil"]
[Black "Siepelt, Heiner"]
[Result "1/2-1/2"]
[WhiteElo "2290"]
[BlackElo "2350"]

1.d4 Nf6 2.c4 g6 3.Nc3 Bg7 4.e4 d6 5.Nf3 O-O 6.Be2 e5 7.dxe5 dxe5 8.Qxd8 Rxd8
9.Bg5 Nbd7 10.O-O-O Rf8 11.Nd5 c6 12.Ne7+ Kh8 13.Nxc8 Raxc8 14.Nd2 Nc5 15.Be3 Ne6
16.g4 Nd4 17.Bxd4 exd4 18.f4 Nd7 19.Nf3 Rfe8 20.Bd3 Nc5 21.Rhe1 Rcd8 22.b4 Ne6
23.f5 Nf4 24.e5 Ng2 25.Re4 Ne3 26.Rg1 Kg8 27.Rg3 a5 28.f6 Bf8 29.Nxd4 c5
30.bxc5 Bxc5 31.Rgxe3 Rxd4 32.Bc2 Rxe4 33.Rxe4 Rd8 34.Kb2 Rd2 35.h4 b6 36.e6 fxe6
37.Rxe6 Kf7 38.Rc6 Rd6 39.Rc7+ Kxf6 40.Rxh7 Ke5 41.Rh6 Kf4 42.g5 Kg4 43.Bxg6 Kg3
44.Kb3 Bd4 45.Ka4 Bg7 46.h5 Kh4 47.Rh7 Bd4 48.Rf7 Be3 49.h6 Rxg6 50.h7 Bd4
51.Rf6 Rxf6 52.h8=Q+ Kxg5 53.Qg7+ Kf4 54.c5 bxc5 55.Qc7+ Ke4 56.Kxa5 Rf2
57.a4 Rb2 58.Qf7 Kd3  1/2-1/2

[Event "Landesliga Nord 9697 Bayern"]
[Site "Germany"]
[Date "1996.??.??"]
[Round "?"]
[White "Seibold, Hubert"]
[Black "Saathoff, Richard"]
[Result "1/2-1/2"]
[WhiteElo "2230"]
[BlackElo "2135"]

1.Nf3 Nf6 2.c4 g6 3.Nc3 Bg7 4.e4 d6 5.d4 O-O 6.Be2 e5 7.dxe5 dxe5 8.Qxd8 Rxd8
9.Bg5 c6 10.Nxe5 Re8 11.f4 h6 12.Bh4 g5 13.Bg3 Na6 14.O-O-O Nc5 15.Bf3 Be6
16.f5 Bc8 17.Nxf7 Kxf7 18.e5 Bxf5 19.exf6 Bxf6 20.Bh5+ Bg6 21.Bxg6+ Kxg6
22.Rd6 Rad8 23.Rhd1 Rxd6 24.Rxd6 Ne4 25.Nxe4 Rxe4 26.b3 Re2 27.Rd2 Rxd2  1/2-1/2

[Event "Landesliga S9596 Bayern"]
[Site "Germany"]
[Date "1996.??.??"]
[Round "?"]
[White "Nussbaecher, Andreas"]
[Black "Trassl, Franz"]
[Result "1-0"]
[WhiteElo "1760"]
[BlackElo "2000"]

1.d4 Nf6 2.c4 g6 3.Nc3 Bg7 4.e4 O-O 5.Be2 d6 6.Nf3 e5 7.dxe5 dxe5 8.Qxd8 Rxd8
9.Bg5 Re8 10.O-O-O Na6 11.Nxe5 Rxe5 12.Rd8+ Ne8 13.f4 Re6 14.Bg4 Kf8 15.Bxe6 fxe6
16.f5 h6 17.f6 Bxf6 18.Bxf6 Kf7 19.e5 Nxf6 20.exf6 b6 21.Rf1 Bb7 22.Rd7+ Kf8
23.Rh7 Nc5 24.Rd1 Bxg2 25.b4 Ne4 26.Nxe4 Bxe4 27.Rdd7  1-0

[Event "Landesliga N9596 Bayern"]
[Site "Germany"]
[Date "1996.??.??"]
[Round "?"]
[White "Stierhof, Michael"]
[Black "Jirovsky, Petr"]
[Result "1/2-1/2"]
[WhiteElo "2000"]
[BlackElo "2230"]

1.c4 Nf6 2.Nc3 g6 3.e4 d6 4.d4 Bg7 5.Be2 O-O 6.Nf3 e5 7.dxe5 dxe5 8.Qxd8 Rxd8
9.Bg5 Re8 10.Nd5 Nxd5 11.cxd5 c6 12.Bc4 cxd5 13.Bxd5 Nc6 14.O-O Nb4 15.Bc4 Be6
16.Bxe6 Rxe6 17.Bd2 Nd3 18.Bc3 Rb6 19.Rab1 f6 20.Nd2 Rc8 21.Nb3 Nb4 22.Nc1 Bh6
23.a3 Nc2 24.Ne2 Rc4 25.Rbd1 Rxe4 26.Rd8+ Bf8 27.Rd2 Nd4 28.Nxd4 exd4 29.Rxd4 Re2
30.Rfd1 Bc5 31.Rf4 Rbe6 32.g3 f5 33.Rd7 Re7 34.Rxe7 Rxe7 35.Kf1 Rc7 36.Rf3 h5
37.h3 Rd7 38.Ke2 Rd5 39.Rf4 Kf7 40.g4 hxg4 41.hxg4 Ke6 42.gxf5+ Rxf5 43.Rxf5 gxf5
44.a4 Kd5 45.b3 Bd4 46.Bd2 Be5 47.Kd3 a6  1/2-1/2

[Event "BL2-O9596"]
[Site "Germany"]
[Date "1996.??.??"]
[Round "?"]
[White "Broeder, Iris"]
[Black "Doeres, Hans Juergen"]
[Result "1/2-1/2"]
[WhiteElo "2185"]
[BlackElo "2250"]

1.d4 Nf6 2.c4 d6 3.Nc3 g6 4.e4 Bg7 5.Nf3 O-O 6.Be2 e5 7.O-O Nbd7 8.d5 Nc5
9.Nd2 a5 10.b3 Nfd7 11.a3 f5 12.Ra2 Nf6 13.f3 Bh6 14.b4 axb4 15.axb4 Rxa2
16.Nxa2 Ncd7 17.exf5 gxf5 18.Nb3 Bg7 19.Nc3 Rf7 20.Nb5 Nf8 21.Kh1 Ng6 22.c5 Kh8
23.Bc4 Ne8 24.Na7 Rf8 25.Nxc8 Qxc8 26.Qc2 Nf6 27.Bg5 Qd7 28.Rd1 Ra8 29.Na5 b6
30.cxb6 cxb6 31.Nc6 h6 32.Bxf6 Bxf6 33.Bb5 Qg7 34.Qxf5 Ra2 35.Qg4 Nf4 36.Qxg7+ Kxg7
37.g3 Nh3 38.Re1 Nf2+ 39.Kg1 Nh3+ 40.Kh1 Nf2+ 41.Kg1 Nh3+  1/2-1/2

[Event "Landesliga Nord 9697 Bayern"]
[Site "Germany"]
[Date "1996.??.??"]
[Round "?"]
[White "Gazmaga, Stefan"]
[Black "Muenster, Erich"]
[Result "1-0"]
[WhiteElo "2155"]
[BlackElo "2065"]

1.c4 Nf6 2.Nc3 g6 3.e4 d6 4.d4 Bg7 5.Be2 Nbd7 6.Nf3 e5 7.O-O O-O 8.Re1 Re8
9.Bf1 exd4 10.Nxd4 Nc5 11.f3 Nh5 12.Be3 a5 13.Qd2 Bd7 14.Rad1 Re5 15.g4 Nf6
16.Bf4 Re8 17.h3 Ne6 18.Nxe6 Bxe6 19.Bg5 Qb8 20.f4 Nd7 21.Kh1 f6 22.Bh4 Nc5
23.Nd5 Qd8 24.Bg2 Bf7 25.e5 g5 26.exf6 gxh4 27.fxg7 Rxe1+ 28.Rxe1 c6 29.Ne7+ Kxg7
30.Qd4+ Kh6 31.Nf5+  1-0

[Event "NRW-Liga I 9697"]
[Site "Germany"]
[Date "1996.??.??"]
[Round "1.2"]
[White "Koch, Wolfgang Max"]
[Black "Kassebaum, Roman"]
[Result "1-0"]
[WhiteElo "2325"]
[BlackElo "2360"]

1.d4 Nf6 2.Nf3 g6 3.c4 Bg7 4.Nc3 O-O 5.e4 d6 6.Be2 e5 7.O-O Qe8 8.d5 a5 9.Ne1 Na6
10.Nd3 Nd7 11.Rb1 f5 12.b3 Ndc5 13.Nxc5 Nxc5 14.f3 f4 15.Ba3 b6 16.Nb5 Rf7
17.Bxc5 bxc5 18.a3 Bf8 19.b4 axb4 20.axb4 cxb4 21.Rxb4 c6 22.Nc3 c5 23.Ra4 Rxa4
24.Nxa4 g5 25.Qc2 Ra7 26.Nb6 Bb7 27.Qb2 Qd8 28.Rb1 h5 29.Bd1 Qc7 30.Ba4 g4
31.Bd7 g3 32.hxg3 fxg3 33.f4 Bh6 34.fxe5 dxe5 35.Be6+ Kh8 36.Nd7 Be3+ 37.Kh1 Bc8
38.Qe2 Bxd7 39.Qxe3 Bxe6 40.Qh6+ Kg8 41.Qxe6+ Kh7 42.Qf5+ Kh6 43.Qf6+ Kh7
44.Qg5 Qd6 45.Qxg3 Qf6 46.Qf3 Qxf3 47.gxf3 Kg6 48.Rd1 Kg5 49.d6 Rd7 50.Kg2 h4
51.Rd3 Kf4 52.Kh2 Kg5 53.Kh3 Kf4 54.Rd5 Kxf3 55.Kxh4 Kf4 56.Kh5  1-0

[Event "GER-chJ NRW 9697"]
[Site "Germany"]
[Date "1996.??.??"]
[Round "2"]
[White "Keller, Thomas"]
[Black "De Gleria, Francesco"]
[Result "0-1"]
[WhiteElo "2155"]
[BlackElo "2270"]

1.d4 Nf6 2.Nf3 g6 3.c4 Bg7 4.Nc3 O-O 5.e4 d6 6.Be2 Na6 7.O-O e5 8.Be3 Ng4
9.Bg5 Qe8 10.h3 h6 11.Bc1 exd4 12.Nxd4 Nf6 13.Re1 Nxe4 14.Bf3 Nxc3 15.bxc3 Qd8
16.Be3 Nc5 17.Qd2 Kh7 18.Nb5 a6 19.Bxc5 axb5 20.Bd4 bxc4 21.Bxg7 Kxg7 22.Qd4+ Qf6
23.Qxc4 c6 24.Bg4 Bxg4 25.hxg4 Rfe8 26.Rxe8 Rxe8 27.Rb1 d5 28.Qd4 Qxd4 29.cxd4 Re4
30.Rxb7 Rxd4 31.Rc7 Rc4 32.f3 Rc1+ 33.Kf2 Rc2+ 34.Kf1 Kf6 35.a4 c5 36.a5 c4
37.a6 Ra2 38.a7 Ke5 39.Rxf7 Kd4 40.f4 Ke3 41.Kg1 c3 42.f5 gxf5 43.gxf5 c2
44.Rc7 Kd2 45.f6 Rxa7  0-1

[Event "NRW-Liga II 9697"]
[Site "Germany"]
[Date "1996.??.??"]
[Round "2.3"]
[White "Kalka, Arkadius Georg"]
[Black "Hubert, Ralf"]
[Result "1-0"]
[WhiteElo "2330"]
[BlackElo "2355"]

1.d4 Nf6 2.c4 g6 3.Nc3 Bg7 4.e4 O-O 5.Nf3 d6 6.Be2 e5 7.O-O Na6 8.d5 Nc5
9.Bg5 Qe8 10.Nd2 a5 11.b3 h6 12.Bh4 Bd7 13.a3 Qb8 14.b4 Na6 15.Rb1 axb4 16.axb4 Qa7
17.Kh1 c5 18.dxc6 bxc6 19.f3 Rfb8 20.Bf2 Qc7 21.b5 Nc5 22.Nb3 Nxb3 23.Qxb3 Be6
24.Qb2 Nd7 25.Ra1 c5 26.Rxa8 Rxa8 27.Ra1 Qb7 28.Be1 Nb6 29.Nd5 Bxd5 30.cxd5 Bf6
31.Ra6 Bd8 32.Qa2 Kg7 33.g3 Qc8 34.Kg2 Rb8 35.Ra7 Ra8 36.Rxa8 Nxa8 37.Qa6 Qb8
38.Qc6 g5 39.Bc3 Nb6 40.f4 Na4 41.Ba1 gxf4 42.gxf4 Bf6 43.fxe5 Bxe5 44.Bxe5+ dxe5
45.Qd7 c4 46.Bh5 Kh8 47.Bxf7 Qf8 48.Bg6 Qg8 49.Qd6 Kg7 50.Bf5 Kf7+ 51.Kf2 Qg5
52.Qe6+ Kf8 53.Qd6+ Kf7 54.Qc7+ Kg8 55.Qb8+ Kf7 56.Be6+ Kg6 57.Qe8+ Kh7 58.Qf7+ Qg7
59.Bf5+ Kh8 60.Qe8+ Qg8 61.Qxe5+ Qg7 62.Qb8+ Qg8 63.Qa7 Nb2 64.Qd4+ Qg7 65.Qxg7+ Kxg7
66.b6 Nd3+ 67.Ke3 Nc5 68.Kd4 c3 69.e5  1-0

[Event "Giessen op"]
[Site "Giessen"]
[Date "1996.??.??"]
[Round "4"]
[White "Schwarz, Peter"]
[Black "Heck, Norbert"]
[Result "1/2-1/2"]
[WhiteElo "2310"]
[BlackElo "2290"]

1.d4 Nf6 2.c4 g6 3.Nc3 Bg7 4.e4 d6 5.Nf3 O-O 6.Be2 e5 7.O-O exd4 8.Nxd4 Re8
9.f3 Nc6 10.Nc2 Nh5 11.f4 Bxc3 12.Bxh5 Bg7 13.Bf3 Be6 14.Qd3 f5 15.Rb1 Qf6
16.Be3 Rad8 17.b3 Qc3 18.Qxc3 Bxc3 19.Rbd1 fxe4 20.Bxe4 Bg4 21.Bd5+ Kg7 22.Bf3 Bf5
23.Bd4+ Nxd4 24.Nxd4 Bc8 25.Nb5 Ba5 26.Kh1 Bb6 27.Nc3 c6 28.Ne4 Bc7 29.g3 Bf5
30.Nf2 Ba5 31.Kg2 Re3 32.Bg4 Bxg4 33.Nxg4 Re2+ 34.Rf2 Rxf2+ 35.Nxf2 Kf7  1/2-1/2

[Event "Gistrup"]
[Site "Gistrup"]
[Date "1996.??.??"]
[Round "6"]
[White "Hellsten, Johan"]
[Black "Kovalev, Andrei"]
[Result "0-1"]
[WhiteElo "2490"]
[BlackElo "2450"]

1.d4 Nf6 2.c4 g6 3.Nc3 Bg7 4.e4 O-O 5.Nf3 d6 6.Be2 e5 7.d5 Nh5 8.g3 a5 9.h4 Na6
10.Nh2 Nf6 11.h5 Nc5 12.Bg5 h6 13.Bxf6 Qxf6 14.Kf1 Qe7 15.Nf3 Bd7 16.Nh4 g5
17.Nf3 f5 18.Nd2 Rf7 19.Kg1 Raf8 20.Rh2 c6 21.a3 a4 22.exf5 Bxf5 23.Nxa4 Nd3
24.Nf1 e4 25.Bxd3 exd3 26.Qd2 Re8 27.Nc3 Bd4 28.Rb1 Qe5 29.Nd1 Qe1 30.Nc3 Qe5
31.Nd1 cxd5 32.cxd5 Qxd5 33.Nde3 Qf3 34.Qd1 Qe2 35.Qa4 Rxe3 36.Nxe3 d2 37.Qd1 Bd3
38.Ng4 Rf3 39.Kg2 Qe4 40.Qb3+ Kg7 41.Rd1 Qxg4  0-1

[Event "Gleisdorf ch"]
[Site "Gleisdorf"]
[Date "1996.??.??"]
[Round "2"]
[White "Haeusl, P."]
[Black "Matosec, Thomas"]
[Result "0-1"]
[WhiteElo "1700"]
[BlackElo "1920"]

1.d4 Nf6 2.c4 g6 3.Nc3 Bg7 4.e4 d6 5.Nf3 O-O 6.Be2 e5 7.O-O exd4 8.Nxd4 Re8
9.Bg5 h6 10.Bxf6 Bxf6 11.Qd2 Na6 12.Nd5 Rxe4 13.Nxf6+ Qxf6 14.Nf3 Kh7 15.Bd3 Rf4
16.b4 Be6 17.Rac1 Rd8 18.Rfd1 d5 19.cxd5 Rxd5 20.Qc3 Qxc3 21.Rxc3 Nxb4 22.Be2 Rxd1+
23.Bxd1 Nc6 24.Re3 Bxa2 25.h3 Rb4 26.Bc2 Be6 27.Be4 Rc4 28.Bd3 Rc1+ 29.Kh2  0-1

[Event "Goetzis-A"]
[Site "Goetzis"]
[Date "1996.??.??"]
[Round "3"]
[White "Sulava, Nenad"]
[Black "Mittelberger, Peter"]
[Result "1-0"]
[WhiteElo "2430"]
[BlackElo "2265"]

1.Nf3 Nf6 2.c4 g6 3.Nc3 Bg7 4.e4 d6 5.d4 O-O 6.Be2 Nbd7 7.O-O e5 8.Be3 c6
9.d5 cxd5 10.cxd5 Ng4 11.Bg5 f6 12.Bh4 h5 13.Nd2 Nh6 14.f3 a6 15.Kh1 Rf7
16.Nc4 Bf8 17.a4 a5 18.Bf2 Nc5 19.Bxc5 dxc5 20.d6 b6 21.Qb3 Rb8 22.Nxa5 Qxd6
23.Nc4 Qc6 24.Ne3 Be6 25.Bc4 Bxc4 26.Nxc4 Kg7 27.Nd5 Rfb7 28.f4 exf4 29.Rxf4 Be7
30.Raf1 f5 31.Qg3 h4 32.Qc3+ Bf6 33.Nxf6 Qxf6 34.Qxf6+ Kxf6 35.Rxh4 Kg5 36.Rhf4 Ra7
37.h4+ Kh5 38.exf5 gxf5 39.Ne3 Rf8 40.b3 Re8 41.Nxf5 Nxf5 42.Rxf5+ Kxh4 43.Kh2 Re4
44.Rf8 Rg7 45.R1f3 Reg4 46.g3+ Kh5 47.R8f6 R4g6 48.Kh3 Rxf6 49.Rxf6 Rb7 50.g4+ Kg5
51.Rf5+ Kg6 52.Rd5 Kg7 53.Kh4 Ra7 54.Kg5 Rc7 55.Rd6 c4 56.bxc4 Rxc4 57.Rd7+ Kg8
58.Ra7 Rc5+ 59.Kh6 Rc6+ 60.Kh5 b5 61.axb5  1-0

[Event "Goetzis-B"]
[Site "Goetzis"]
[Date "1996.??.??"]
[Round "6"]
[White "Grigore, George"]
[Black "Dobosz, Henryk"]
[Result "1/2-1/2"]
[WhiteElo "2460"]
[BlackElo "2375"]

1.d4 g6 2.c4 Bg7 3.Nc3 d6 4.Nf3 Nf6 5.e4 O-O 6.Be2 Na6 7.O-O e5 8.Re1 c6
9.d5 Nc5 10.Qc2 a5 11.Be3 Ng4 12.Bxc5 dxc5 13.dxc6 bxc6 14.Red1 Qe7 15.Na4 Ra7
16.h3 Nf6 17.Nd2 Be6 18.Nb3 Nd7 19.Qd3 Rb8 20.Bg4 Bf8 21.Bxe6 Qxe6 22.Qc2 Rb4
23.Nd2 Be7 24.a3 Rb8 25.Nb3 Nb6 26.Nbxc5 Qxc4 27.Rac1 Qxc2 28.Rxc2 Nxa4 29.Nxa4 Rc7
30.Rdc1 Rd8 31.Kf1 Bg5 32.Rxc6 Rxc6 33.Rxc6 Rd1+ 34.Ke2 Rd4 35.Nc5 Rd2+ 36.Ke1 Rxb2
37.Nd3 Rb3 38.Nxe5 Rxa3 39.Rc8+ Kg7 40.Rc7 Ra4 41.Nxf7 Rxe4+ 42.Kf1 Bf6 43.Ne5+ Kg8
44.Rc8+  1/2-1/2

[Event "Goetzis-B"]
[Site "Goetzis"]
[Date "1996.??.??"]
[Round "8"]
[White "Grigore, George"]
[Black "Welsh, Michael"]
[Result "1-0"]
[WhiteElo "2460"]
[BlackElo "2155"]

1.d4 Nf6 2.c4 g6 3.Nc3 Bg7 4.e4 d6 5.Be2 O-O 6.Nf3 e5 7.O-O exd4 8.Nxd4 Re8
9.f3 Nc6 10.Nxc6 bxc6 11.Bg5 Qe7 12.Qd2 Qe5 13.Rac1 Be6 14.Kh1 Nd7 15.f4 Qd4
16.Qc2 f5 17.Rcd1 Qc5 18.Bd3 Rab8 19.b3 fxe4 20.Nxe4 Qa5 21.h3 Bf5 22.g4 Bxe4+
23.Bxe4 Nc5 24.Bxc6 Re3 25.f5 Rxh3+ 26.Kg2 Rc3 27.Qe2 Be5 28.Bd5+ Kf8 29.fxg6+ Kg7
30.Rf7+ Kxg6 31.Qf2 Rg3+ 32.Kf1  1-0

[Event "Goetzis op"]
[Site "Goetzis"]
[Date "1996.??.??"]
[Round "8"]
[White "Kranz, Armin"]
[Black "Bezler, Rainer"]
[Result "0-1"]
[WhiteElo "2140"]
[BlackElo "2250"]

1.d4 Nf6 2.c4 g6 3.Nc3 Bg7 4.e4 d6 5.Nf3 O-O 6.Be2 e5 7.d5 a5 8.Bg5 Na6 9.Nd2 Qe8
10.a3 h5 11.Rb1 b6 12.b4 axb4 13.axb4 Nh7 14.Be3 f5 15.f3 Rf7 16.Qc2 Bf8
17.Bd3 f4 18.Bf2 g5 19.h3 g4 20.hxg4 hxg4 21.Ke2 g3 22.Bg1 Ng5 23.Ke1 Qd7
24.c5 bxc5 25.bxc5 Rh7 26.Rxh7 Qxh7 27.Bf1 Qh1 28.Ne2 Nxc5 29.Bxc5 dxc5 30.Qc3 Bd6
31.Nb3 Bh3 32.Nxf4 exf4 33.Qf6 Nh7 34.Qg6+ Kh8 35.Rb2 c4 36.gxh3 cxb3 37.Ke2  0-1

[Event "Gold Coast-ch U18"]
[Site "Gold Coast"]
[Date "1996.??.??"]
[Round "4"]
[White "Leskiewicz, Maksymilian"]
[Black "Pizzato, Charles"]
[Result "0-1"]
[WhiteElo "2175"]
[BlackElo "2180"]

1.d4 Nf6 2.c4 d6 3.Nc3 e5 4.Nf3 Nbd7 5.e4 g6 6.Be2 Bg7 7.O-O O-O 8.Qc2 Qe7
9.Be3 c6 10.Rfe1 h6 11.h3 exd4 12.Bxd4 Nc5 13.Bf1 Ne6 14.Be3 Nh5 15.Rad1 g5
16.Qd2 Be5 17.g3 Qf6 18.Bg2 Qg7 19.Qe2 Nf6 20.Nd4 Nxd4 21.Bxd4 Be6 22.Be3 g4
23.h4 h5 24.c5 dxc5 25.Bxc5 Rfe8 26.Qe3 b6 27.Bd6 Nd7 28.Bxe5 Nxe5 29.b3 Rad8
30.Ne2 c5 31.Nf4 Qh6 32.Qc3 Nc6 33.Nd5 Bxd5 34.exd5 Nd4 35.Qd3 Qf6 36.Re3 Rxe3
37.fxe3 Nf3+ 38.Bxf3 Qxf3 39.e4 Qxd3 40.Rxd3 Kg7 41.Rd2 Kf6 42.Rf2+ Ke5 43.Rf4 b5
44.Kf2 Kd4 45.Rxf7 Kxe4 46.Rxa7 Rxd5 47.Ra5 Rd2+ 48.Ke1 Ke3 49.Rxb5 Rxa2
50.Kd1 Kf3 51.Rxc5 Kxg3 52.Rxh5 Kh2 53.Rg5 g3 54.h5 g2 55.h6 g1=Q+ 56.Rxg1 Kxg1
57.h7 Rh2 58.b4 Rxh7 59.Kd2 Rh3  0-1

[Event "Gran Canaria op"]
[Site "Gran Canaria"]
[Date "1996.??.??"]
[Round "?"]
[White "Lobron, Eric"]
[Black "Todorcevic, Miodrag"]
[Result "0-1"]
[WhiteElo "2590"]
[BlackElo "2450"]

1.d4 g6 2.c4 Bg7 3.Nc3 d6 4.Nf3 Nf6 5.e4 O-O 6.Be2 Nbd7 7.O-O e5 8.Qc2 c6
9.Rd1 exd4 10.Nxd4 Qe7 11.Bg5 h6 12.Bh4 a6 13.Rd2 Re8 14.Rad1 h5 15.Nf3 Nc5
16.Rd4 Bg4 17.h3 Bxf3 18.Bxf3 Ne6 19.Rxd6 g5 20.Bg3 g4 21.Be2 gxh3 22.gxh3 Ng5
23.e5 Nfh7 24.h4 Bxe5 25.Rd7 Qe6 26.Bxe5 Qxe5 27.hxg5 Nxg5 28.Qd3 h4 29.Bg4 Qf4
30.Qf5 Nf3+ 31.Kf1 Nh2+ 32.Kg2 Qxg4+ 33.Qxg4+ Nxg4 34.R1d4 Ne5 35.Rxb7 Re6
36.Rxh4 Rg6+ 37.Kf1 Rd8 38.Re4 Nf3 39.Rf4 Nd2+ 40.Ke2 Re6+ 41.Kd1 Nxc4+ 42.Kc2 Rd2+
43.Kb3 Na5+  0-1

[Event "Graz op"]
[Site "Graz"]
[Date "1996.??.??"]
[Round "?"]
[White "Danner, Georg"]
[Black "Freitag, Manfred"]
[Result "0-1"]
[WhiteElo "2390"]
[BlackElo "2305"]

1.d4 Nf6 2.Nf3 g6 3.c4 Bg7 4.Nc3 O-O 5.e4 d6 6.Be2 e5 7.d5 Na6 8.Be3 Nh5
9.g3 f5 10.exf5 gxf5 11.Nxe5 f4 12.Bd2 fxg3 13.hxg3 Nxg3 14.fxg3 Bxe5 15.Qb1 Bf5
16.Bd3 Qd7 17.Kd1 Nc5 18.Bxf5 Rxf5 19.Ne4 Nxe4 20.Qxe4 Bxb2 21.Rb1 Re8 22.Qd3 Bf6
23.Rxb7 Rf2 24.Rb3 Qg4+ 25.Kc1 Qe4 26.Rd1 Qxd3 27.Rxd3 Re4 28.Kc2 Rxc4+ 29.Kb3 Rc5
30.a4 a6 31.Be3 Rb2+ 32.Ka3 Rcc2 33.Bd4 Bxd4 34.Rxd4 Rb8 35.Rg4+ Kh8 36.Rh1 Rg8
37.Rxg8+ Kxg8 38.Kb4 Rc5 39.Rh5 a5+ 40.Kb3 c6 41.Rg5+ Kf7 42.Rf5+ Kg6 43.Rf8 Rxd5
44.Rc8 Rc5 45.Rd8 d5 46.Rg8+ Kf5 47.Rh8 d4 48.Rxh7 Ke4 49.g4 d3 50.Kb2 Rc2+
51.Kb1 Kd4 52.Rh1 Rg2  0-1

[Event "Graz op"]
[Site "Graz"]
[Date "1996.??.??"]
[Round "?"]
[White "Freitag, Manfred"]
[Black "Mohr, Georg"]
[Result "1-0"]
[WhiteElo "2305"]
[BlackElo "2495"]

1.d4 Nf6 2.Nf3 g6 3.c4 Bg7 4.Nc3 O-O 5.e4 d6 6.Be2 e5 7.O-O Na6 8.d5 Nc5
9.Nd2 a5 10.Rb1 Bd7 11.b3 Bh6 12.Qc2 c6 13.dxc6 Bxc6 14.Bf3 Ne6 15.Re1 Nd4
16.Qd1 Nd7 17.Be2 Nc5 18.Bf1 f5 19.exf5 Qf6 20.Qg4 Qxf5 21.Qxf5 gxf5 22.Nb5 Nce6
23.Nxd6 Rad8 24.c5 Nxc5 25.N6c4 e4 26.Nxe4 Nxe4 27.Bxh6 Rf6 28.Be3 Nc2 29.Rbd1 Rxd1
30.Rxd1 f4 31.Rd8+ Kf7 32.Bb6 Ke6 33.f3 Nc3 34.Rd6+ Ke7 35.Bd8+  1-0